000 01207naa a22003017u 4500
001 04078
003 HDC
007 cr bn ---aaaaa
008 210114t2002 flu 000 0 may
020 _a0849322057 (alk. paper)
040 _aHDC
100 _aKaufman, Randal J.
_eauthor
_94132
245 0 _adsRNA genetic elements : concepts and applications in agriculture, forestry, and medicine : Chapter 2
_bThe Double-StrandedRNA-Activated ProteinKinase PKR /
_cby Randal J. Kaufman ; edited by Stellos M. Tavantzis.
260 _aBoca Raton, FL :
_bCRC Press,
_c2002
300 _a29 pages :
_billustrations
336 _atext
_2rdacontent
337 _acomputer
_2rdamedia
338 _aonline resource
_2rdacarrier
504 _aIncludes bibliographical references and index.
650 _aAgriculture applications
_94127
650 _aDouble-stranded RNA
_94126
650 _aMedicine concepts
_94128
700 _aTavantzis, Stylianos Michael.
_eeditor
_94129
856 _zRequest full-text at [email protected]
942 _2lcc
942 _cCHAP
942 _kEBCH 003340
999 _c1403
_d1403